000 003180000a22000970004500
100 1 _aFoulkes, Irene W. de
245 1 0 _a"La ley solo cuela los bichos pequeños" : Pablo y los pobres contra las cortes de Corinto
300 _aVol. 15, Num 1, (Julio, 1995), Páginas 107-115
773 0 _tVida y pensamiento
942 _cANA
999 _c53056
_d53056